000 01065nam a22003017a 4500
001 6889
003 FISKH
005 20250604131128.0
008 250604b cb ||||| |||| 00| 0 eng d
020 _a9780545805759
040 _aFISKH
_beng
_cFISKH
_dFISKH
050 _aPZ7.J7622 D
082 _a 326
100 _aJordan, Deloris
245 _aDream big :
_bMichael Jordan and the pursuit of excellence /
_cDeloris Jordan ; Illustrated by Barry Root
250 _aThis edition first published in 2014
260 _aNew York :
_bScholastic,
_c2012
300 _a30 unnumbered pages :
_bcolor illustrations ;
_c28 cm
505 _aR
520 _aFrom the age of nine years Michael dreams of playing basketball for the United States in the Olympics, and with hard work and his mother's encouragement, he realizes his dream.
521 8 _a690
_bLexile
521 8 _aR
_bRaz-Plus
650 _2Michael Jordan
_aBasketball
650 _2Sports
_aSports - Basketball
700 _aRoot, Barry
_dillustrator
942 _2ddc
_cBK
_n0
999 _c6889
_d6889